Catálogo
 En Linea

¡Es ahora! / (Registro nro. 57525)

Detalles MARC
000 -CABECERA
campo de control de longitud fija 01406nam a2200277 i 4500
003 - IDENTIFICADOR DEL NÚMERO DE CONTROL
campo de control DO-SdBNP
005 - FECHA Y HORA DE LA ÚLTIMA TRANSACCIÓN
campo de control 20240822094454.0
007 - CAMPO FIJO DE DESCRIPCIÓN FÍSICA--INFORMACIÓN GENERAL
campo de control de longitud fija ta
008 - DATOS DE LONGITUD FIJA--INFORMACIÓN GENERAL
campo de control de longitud fija 240822s2024 dr 000 0 spa d
020 ## - NÚMERO INTERNACIONAL ESTÁNDAR DEL LIBRO
Número Internacional Estándar del Libro 9789945945515
040 ## - FUENTE DE LA CATALOGACIÓN
Centro catalogador/agencia de origen DO-SdBNP
Lengua de catalogación spa
Centro/agencia transcriptor BNPHU
Normas de descripción rda
082 ## - NÚMERO DE LA CLASIFICACIÓN DECIMAL DEWEY
Número de documento/Ítem S589
Número de edición 22
100 1# - ENTRADA PRINCIPAL--NOMBRE DE PERSONA
Nombre de persona Sime, Carmen
Término indicativo de función/relación autora
9 (RLIN) 86377
245 10 - MENCIÓN DE TÍTULO
Título ¡Es ahora! /
Resto del título 7 poderes que te liberan /
Mención de responsabilidad, etc. Carmen Sime ; prólogo Xiomara Rosario
264 #1 - PRODUCCIÓN, PUBLICACIÓN, DISTRIBUCIÓN, FABRICACIÓN Y COPYRIGHT
Producción, publicación, distribución, fabricación y copyright Santo Domingo :
Nombre del de productor, editor, distribuidor, fabricante [editor no identificado],
Fecha de producción, publicación, distribución, fabricación o copyright 2024.
300 ## - DESCRIPCIÓN FÍSICA
Extensión 194 páginas,
Dimensiones 23 cm.
336 ## - TIPO DE CONTENIDO
Fuente rdacontent
Término de tipo de contenido texto
Código de tipo de contenido txt
337 ## - TIPO DE MEDIO
Fuente rdamedia
Nombre/término del tipo de medio sin mediación
Código del tipo de medio n
338 ## - TIPO DE SOPORTE
Fuente rdacarrier
Nombre/término del tipo de soporte volumen
Código del tipo de soporte nc
500 ## - NOTA GENERAL
Nota general Incluye datos biografícos de la autora en la página 193.
505 2# - NOTA DE CONTENIDO CON FORMATO
Título Dedicatoria --
-- Prólogo --
-- Preámbulo: despertando en la realidad --
-- Poder #1: Toma decisiones consciente --
-- Poder #2: Camino de vida o de muerte --
-- Poder #3: Sistema de creencias: a favor o en contra --
-- Poder #4: Controla tus emociones antes de que te controlen a ti --
-- Poder #5: Rompiendo patrones para lograr cambios duraderos --
-- Poder #6: Yo primero por amor a los demás --
-- Poder #7: Fortaleciendo mi espiritualidad --
-- Epílogo: tu tiempo es ahora --
-- Agradecimientos --
-- Recursos adicionales --
-- Sobre la autora /
590 ## - NOTA LOCAL (RLIN)
Nota local Inventariado, 2024/ YL
700 1# - PUNTO DE ACCESO ADICIONAL--NOMBRE DE PERSONA
Nombre de persona Rosario, Xiomara
Término indicativo de función/relación prólogo
9 (RLIN) 86378
910 ## - DATOS DE OPCIÓN DEL USUARIO (OCLC)
Datos de opción del usuario YLockward
942 ## - ELEMENTOS DE PUNTO DE ACCESO ADICIONAL (KOHA)
Fuente del sistema de clasificación o colocación Dewey Decimal Classification
Tipo de ítem Koha Libro
Existencias
Estado de retiro Estado de pérdida Fuente del sistema de clasificación o colocación Restricciones de uso No para préstamo Código de colección Localización permanente Ubicación/localización actual Ubicación en estantería Fecha de adquisición Fuente de adquisición Total de préstamos Signatura topográfica completa Código de barras Fecha visto por última vez Precio válido a partir de Tipo de ítem Koha Número de copia
    Dewey Decimal Classification Excluido de préstamo   Patrimonio Dominicano Biblioteca Nacional Pedro Henríquez Ureña Biblioteca Nacional Pedro Henríquez Ureña En catalogación 09.08.2024 Deposito Legal   BNPHU PD S589 2024-5042 22.08.2024 22.08.2024 Libro  
    Dewey Decimal Classification Excluido de préstamo   Patrimonio Dominicano Biblioteca Nacional Pedro Henríquez Ureña Biblioteca Nacional Pedro Henríquez Ureña En catalogación 09.08.2024 Deposito Legal   BNPHU PD S589 2024-5043 22.08.2024 22.08.2024 Libro e. 2
    Dewey Decimal Classification Préstamo en sala   Dominicana de Servicio Biblioteca Nacional Pedro Henríquez Ureña Biblioteca Nacional Pedro Henríquez Ureña En catalogación 09.08.2024 Deposito Legal   BNPHU DS S589 2024-5044 22.08.2024 22.08.2024 Libro e. 3

Con tecnología Koha